Receptář na každý den

Bibliographic Details
New Title:Speciál Receptáře
Format: Journal
Language:Czech
PhysicalDescription:zv. 30 cm
Published: Brno Zájmové nakladatelství 1990-
Praha Reader's Digest Výběr
Praha Tarsago Česká republika
Praha Vltava Labe Media a.s
ISSN:1213-8355
Subjects:

MARC

LEADER 00000cas a2200000 a 4500
001 vtls008880222
003 SK-MaSNL
005 20260228162250.0
008 990503c19909999xr mr p r 0 1 b0czeo
022 |a 1213-8355 
035 |a (SVKBB03)vtls000030433 
040 |a SVKBB  |b slo  |c SVKBB  |d SNK  |e AACR2 
041 0 |a cze 
044 |a xr  |c CZ 
072 7 |a 37  |x Výchova a vzdelávanie  |2 konspekt 
080 |a 379.82  |2 2011 
080 |a 050  |2 2011 
080 |a 379.8(051)  |2 2011 
245 0 0 |a Receptář na každý den 
246 3 3 |a Receptář  |f 5/2002- 
246 3 3 |a Receptář pro podnikavé 
246 3 3 |a Speciál Receptář 
246 3 3 |a Receptář pro zdraví 
260 |a Brno  |b Zájmové nakladatelství  |c 1990- 
260 3 |3 [2003]-2013  |a Praha  |b Reader's Digest Výběr 
260 3 |3 2013-2017  |a Praha  |b Tarsago Česká republika 
260 3 |3 2018-  |a Praha  |b Vltava Labe Media a.s 
300 |a zv.  |c 30 cm 
310 |a 1x mesačne 
362 0 |a Roč. 1, č. 1 (1990)- 
500 |a Z prílohy Speciál Receptář od č. 1/2009 vznikol samostatný časopis s prílohou Recepty Receptáře 
500 |a Od roč. 19, č. 6/2009 je súčasťou časopisu Receptář pro zdraví 
500 |a Podnázov: nejprodávanější hobby magazín 
650 0 7 |a hobby  |2 SNKPH  |9 30350 
655 7 |a časopisy pre voľný čas  |2 SNKPH  |9 70337 
770 0 |t Recepty Receptáře 
770 0 |t Recepty pro zdraví 
785 0 1 |t Speciál Receptáře 
852 |a Štátna vedecká knižnica v Banskej Bystrici 
910 |a snk 
999 |c 7344  |d 9274 
952 |0 0  |1 1  |4 0  |7 0  |a SNK  |b SNK  |d 2002-03-09  |l 0  |o snkČB 4904/1/1990  |p 17A0335657  |r 2005-01-02 00:00:00  |t č. 1-7  |w 2026-02-21  |y PREZ 
952 |0 0  |1 1  |4 0  |7 0  |a SNK  |b SNK  |d 2002-03-09  |l 0  |o snkČB 4904/2/1991  |p 17A0335658  |r 2005-01-02 00:00:00  |t č. 1-12  |w 2026-02-21  |y PREZ 
952 |0 0  |1 1  |4 0  |7 0  |a SNK  |b SNK  |d 2002-03-09  |l 0  |o snkČB 4904/3/1992  |p 17A0335659  |r 2005-01-02 00:00:00  |t č. 1-12  |w 2026-02-21  |y PREZ